000 00426nam a22001817a 4500
003 MPLRDC
005 20220104114135.0
008 210129b ||||| |||| 00| 0 eng d
020 _a7-5329-0011-8
082 _a857.4538 ZZS
100 _a张振声
245 _a秦琼传
_c
250 _a一版一刷
260 _a
_b山东文艺出版社
_c1987
300 _b
650 _a历史小说
942 _cBK
_o857.4538 ZZS
999 _c5133
_d5123